<?xml version='1.0' encoding='UTF-8'?><?xml-stylesheet href='static/style.xsl' type='text/xsl'?><OAI-PMH xmlns="http://www.openarchives.org/OAI/2.0/" xmlns:xsi="http://www.w3.org/2001/XMLSchema-instance" xsi:schemaLocation="http://www.openarchives.org/OAI/2.0/ http://www.openarchives.org/OAI/2.0/OAI-PMH.xsd"><responseDate>2026-04-18T09:58:30Z</responseDate><request verb="GetRecord" identifier="oai:ebiltegia.mondragon.edu:20.500.11984/6294" metadataPrefix="marc">https://ebiltegia.mondragon.edu/oai/request</request><GetRecord><record><header><identifier>oai:ebiltegia.mondragon.edu:20.500.11984/6294</identifier><datestamp>2024-03-19T11:44:11Z</datestamp><setSpec>com_20.500.11984_473</setSpec><setSpec>col_20.500.11984_476</setSpec></header><metadata><record xmlns="http://www.loc.gov/MARC21/slim" xmlns:dcterms="http://purl.org/dc/terms/" xmlns:xsi="http://www.w3.org/2001/XMLSchema-instance" xmlns:doc="http://www.lyncode.com/xoai" xsi:schemaLocation="http://www.loc.gov/MARC21/slim http://www.loc.gov/standards/marcxml/schema/MARC21slim.xsd">
   <leader>00925njm 22002777a 4500</leader>
   <datafield ind2=" " ind1=" " tag="042">
      <subfield code="a">dc</subfield>
   </datafield>
   <datafield ind2=" " ind1=" " tag="720">
      <subfield code="a">Albisua, Neritzel</subfield>
      <subfield code="e">author</subfield>
   </datafield>
   <datafield ind2=" " ind1=" " tag="260">
      <subfield code="c">2023-03-06</subfield>
   </datafield>
   <datafield ind2=" " ind1=" " tag="520">
      <subfield code="a">El propósito de este estudio fue examinar cómo influyen las experiencias deportivas y su biografía en cada sujeto, con respecto a sus creencias y actitudes de cara a la educación física y su autoconcepto físico. Se utilizaron cuatro escalas diferentes en 826 estudiantes de 18-24 años en total que vivían en el País Vasco, encontrado por método de muestreo aleatorio simple. La primera escala es la "Escala de información personal" que consta de 4 ítems para determinar las características socio-personales, sobre la experiencia deportiva, perfl de los entrenadores/as y calificación en Educación Física. En cuanto a la segunda escala utilizada fue Feelings about Physical Education (Bourke, &amp; Frampton, 1992) que examina las Percepciones sobre la Educación Física (PEF). La tercera escala utilizada fue el Cuestionario de actitudes hacia la educación física CAEF (Moreno, Rodriguez y Gutierrez, 2006), en su validación al Euskera de Actitudes hacia la disciplina de Educación Física (ADEF), y por último el Cuestionario AFI, Autokontzeptu Fisikoaren Itaunketa (Esnaola, 2006), que examina el autoconcepto físico de los sujetos. Los datos del estudio fueron analizados por SPSS 25 paquete de software. Se realizó un análisis de componentes principales (ACP) con el propósito de explorar la correlación entre escalas, así como también entre las escalas y las categorías de las variables biográficas y de experiencia deportiva. Se determinó que hay correlación de la gran mayoría de las escalas de los cuestionarios. En conclusión, se hayo una clara separación entre dos grupos o perfiles de estudiantes determinada principalmente por las respuestas a los cuestionarios de actitudes hacia la actividad física, creencias y autoconcepto.</subfield>
   </datafield>
   <datafield ind2=" " ind1=" " tag="520">
      <subfield code="a">The  purpose  of  this  study  was  to  examine  how  sports  experiences  and  their  biography  influence  each  subject, with  respect  to  their  beliefs  and  attitudes  towards  physical  education  and  their  physical self-concept.  Four different scales were used in 826 students aged 18-24 years in total who lived in the Basque Country, found by simple random sampling  method. The first scale is the "Personal Information Scale" that consists of 4  items to determine the socio-personal characteristics, the sporting experience, profile of the coaches and qualification in Physical Education. As for the second scale used, it was Feelings about Physical Education (Bourke, &amp; Morgan, 2005) that examines Perceptions about Physical Education (PEF). The third scale used was the Questionnaire of attitudes  towards  physical  education  CAEF  (Morenoet  al.,  2003),  in  its  validation  to  the  Basque  of  Attitudes towards  the  discipline  of  Physical  Education  (ADEF),  and  finally  the  AFI  Questionnaire,  Autokontzeptu Fisikoaren Itaunketa (Esnaola, 2006), which examines  the physical self-concept of the subjects. The study data were analyzed by SPSS 25 software package. A principal component analysis (PCA) was carried out in order to explore the correlation between scales, as well as between the scales and the categories of the biographical and sports experience variables. It was determined that there is a correlation of the vast majority of the questionnaire scales. In conclusion, there is a clear separation between two groups or profiles of students determined mainly by the responses to the questionnaires on attitudes towards physical activity, beliefs and self-concept.</subfield>
   </datafield>
   <datafield ind1="8" ind2=" " tag="024">
      <subfield code="a">1988-7701</subfield>
   </datafield>
   <datafield ind1="8" ind2=" " tag="024">
      <subfield code="a">https://katalogoa.mondragon.edu/janium-bin/janium_login_opac.pl?find&amp;ficha_no=175920</subfield>
   </datafield>
   <datafield ind1="8" ind2=" " tag="024">
      <subfield code="a">https://hdl.handle.net/20.500.11984/6294</subfield>
   </datafield>
   <datafield tag="653" ind2=" " ind1=" ">
      <subfield code="a">Educación Física</subfield>
   </datafield>
   <datafield tag="653" ind2=" " ind1=" ">
      <subfield code="a">Actividad Física</subfield>
   </datafield>
   <datafield tag="653" ind2=" " ind1=" ">
      <subfield code="a">Actitudes</subfield>
   </datafield>
   <datafield tag="653" ind2=" " ind1=" ">
      <subfield code="a">Creencias</subfield>
   </datafield>
   <datafield tag="653" ind2=" " ind1=" ">
      <subfield code="a">Autoconcepto Físico</subfield>
   </datafield>
   <datafield tag="653" ind2=" " ind1=" ">
      <subfield code="a">Physical education</subfield>
   </datafield>
   <datafield tag="653" ind2=" " ind1=" ">
      <subfield code="a">Physical activity</subfield>
   </datafield>
   <datafield tag="653" ind2=" " ind1=" ">
      <subfield code="a">Attitudes</subfield>
   </datafield>
   <datafield tag="653" ind2=" " ind1=" ">
      <subfield code="a">Beliefs</subfield>
   </datafield>
   <datafield tag="653" ind2=" " ind1=" ">
      <subfield code="a">Physical self-concept</subfield>
   </datafield>
   <datafield ind2="0" ind1="0" tag="245">
      <subfield code="a">Influencia de los datos biográficos y experiencia deportiva de los estudiantes universitarios de educación fisíco-deportiva sobre sus creencias, actitudes y autoconcepto físico</subfield>
   </datafield>
   <datafield ind2="0" ind1="0" tag="245">
      <subfield code="a">Influence of biographical data and sports experience of university students of physical-sports education on their beliefs, attitudes and physical self-concept</subfield>
   </datafield>
</record></metadata></record></GetRecord></OAI-PMH>